Avanços e perspectivas da gestão pública nos Estados / (Record no. 1214)

MARC details
000 -LÍDER
Campo Fixo de Controle 00902nam a2200253 a 4500
001 - NÚMERO DE CONTROLE
Campo de Controle 1214
003 - IDENTIFICAÇÃO DO NÚMERO DE CONTROLE
Campo de Controle BR-CuiBMT
005 - DATA E HORA DA ÚLTIMA ATUALIZAÇÃO
Campo de Controle 20231204190306.0
008 - DADOS FIXOS
Dados Fixos 231201s2006 dfba 000 0 por d
040 ## - AGÊNCIA CATALOGADORA
Código da Agência Catalogadora BR-CuiBMT
Agência que transcreveu o registro BR-CuiBMT
080 ## - Nº DA CLASSIFICAÇÃO DECIMAL UNIVERSAL
Nº Class. CDU 35.077.1
Nº edição CDU 2007
090 ## - NÚMERO DE CHAMADA
Nº classificação 35.077.1
Cutter A946
245 00 - TÍTULO PRINCIPAL
Título principal Avanços e perspectivas da gestão pública nos Estados /
Indicação de responsabilidade Conselho Nacional de Secretários de Estado de Administração.
260 ## - PUBLICAÇÃO, DISTRIBUIÇÃO, ETC.
Local de publicação Brasília :
Editora CONSAD/FUNDAP,
Data 2006.
300 ## - DESCRIÇÃO FÍSICA
N. páginas ou volumes 268 p. ;
Dimensões 22 cm
500 ## - NOTAS GERAIS
Notas gerais Seminário Avanços e perspectivas da gestão pública.
650 ## - ASSUNTO TÓPICO
Cabeçalho tópico ou nome geográfico Administração pública estadual
650 ## - ASSUNTO TÓPICO
Cabeçalho tópico ou nome geográfico Gestão das Compras Governamentais
650 ## - ASSUNTO TÓPICO
Cabeçalho tópico ou nome geográfico Novas Formas de Gestão Pública
650 ## - ASSUNTO TÓPICO
Cabeçalho tópico ou nome geográfico Governo Estadual
650 ## - ASSUNTO TÓPICO
Cabeçalho tópico ou nome geográfico arquitetura governamental
711 ## - ENTRADA SECUNDÁRIA -- EVENTO
Nome do evento ou lugar Seminário Avanços e perspectivas da gestão pública nos Estados.
942 ## - ELEMENTOS DE ENTRADA ADICIONAIS (KOHA)
Fonte de classificação ou esquema de arquivamento Classificação Decimal Universal
Tipo de item do Koha Livros
Holdings
Estado: removido Estado: perdido Fonte de classificação ou esquema de arquivamento Estado: danificado Indisponível para empréstimo Localização permanente Localização atual Data de aquisição Total Checkouts Número de Chamada completo Código de barras Date last seen Número do exemplar Preço efetivo a partir de Tipo de item (Koha)
    Classificação Decimal Universal     Biblioteca da Escola Superior de Contas do TCE/MT Biblioteca da Escola Superior de Contas do TCE/MT 01/12/2023   35.077.1 A946 BIBTCEMT23120015 01/12/2023 Ex. 1 01/12/2023 Livros

Powered by Koha